| 000 | 00804nam2a22002411 4500 | ||
|---|---|---|---|
| 001 | RU\NLR\INFOCOMM19\1000048054 | ||
| 005 | 20250617050209.0 | ||
| 035 | _a(NLR Aleph) 002467169 | ||
| 090 |
_a2305479 _c2305479 |
||
| 100 | _a20040322d2000 |||y0rusy50 ca | ||
| 101 | 0 | _arus | |
| 102 | _aRU | ||
| 105 | _ay ||||||||| | ||
| 200 | 0 | _a2000, 1 | |
| 210 |
_d2000 _aБ. м. |
||
| 461 | 0 |
_1001RU\NLR\INFOCOMM19\1000048053 _12001#$aИнформатизация и связь$eНауч.-практ. журн.$v2000, 1 _92305468 _c[М.] _d2000 - _nБ. и. _oНауч.-практ. журн. _tИнформатизация и связь _x2078-8320 _v2000, 1 |
|
| 801 | 1 |
_aRU _bInfoComm _c20040322 |
|
| 801 | 0 |
_aRU _bNLR _gPSBO |
|
| 852 |
_aNLR _jП23/5148 |
||
| 942 | _cISSUE | ||
| 980 | _aNB | ||
| 980 | _aRUSPER | ||